00324nam a2200121Ia 4500008004100000041000800041082001300049100001900062245003500081260004000116300001200156700003400168220530s9999 xx 000 0 und d aeng a301bSHA aShabbir Sheikh aA New Look Into Social Science aNew Delhib S Chand Publisherc2011 a179bPB a Dwadashiwar Jaya Sheikh A.M